| 000 | 00846cam a22001931 4500 | ||
|---|---|---|---|
| 082 |
_a620.1127 _bAME _cL-36, P-29 |
||
| 110 | 2 |
_aAmerican Society for Testing Materials. _925223 |
|
| 245 | 1 | 0 |
_aSymposium on testing of parts and assemblies, _csponsored jointly by American Society for Testing Materials and Society for Experimental Stress Analysis; presented at the forty-ninth annual meeting, American Society for Testing Materials, Buffalo, N.Y., June 26, 1946. |
| 260 |
_aPhiladelphia _c[1947] |
||
| 300 |
_a86 p. _bill. _c23 cm. |
||
| 490 | 1 | _aIts Technical publication | |
| 526 |
_a0 _b0 _c0 _d620_112700000000000_AME |
||
| 650 | 0 |
_aMachine design. _918984 |
|
| 650 | 0 |
_aMachinery _xTesting. _940888 |
|
| 650 | 0 |
_aMCE _9379 |
|
| 650 | 0 |
_aMetals _xFatigue. _940889 |
|
| 710 | 2 |
_aSociety for Experimental Stress Analysis. _940890 |
|
| 942 |
_2ddc _cBK |
||
| 999 |
_c545120 _d545120 |
||